<?xml version="1.0" encoding="UTF-8"?><marc:collection xmlns:marc="http://www.loc.gov/MARC21/slim">
  <marc:record>
    <marc:leader>03202nam a2200445 cb4500</marc:leader>
    <marc:controlfield tag="001">99376540728406441</marc:controlfield>
    <marc:controlfield tag="003">DE-605</marc:controlfield>
    <marc:controlfield tag="005">20260205103505.0</marc:controlfield>
    <marc:controlfield tag="007">cr#|||||||||||</marc:controlfield>
    <marc:controlfield tag="008">260205s2026    gw |||| o     ||| | ger c</marc:controlfield>
    <marc:datafield tag="020" ind1=" " ind2=" ">
      <marc:subfield code="a">9783965231214</marc:subfield>
    </marc:datafield>
    <marc:datafield tag="024" ind1="7" ind2=" ">
      <marc:subfield code="a">10.4126/FRL01-006511025</marc:subfield>
      <marc:subfield code="2">doi</marc:subfield>
    </marc:datafield>
    <marc:datafield tag="035" ind1=" " ind2=" ">
      <marc:subfield code="a">(DE-605)HT031394834</marc:subfield>
    </marc:datafield>
    <marc:datafield tag="035" ind1=" " ind2=" ">
      <marc:subfield code="a">(DE-599)HBZHT031394834</marc:subfield>
    </marc:datafield>
    <marc:datafield tag="040" ind1=" " ind2=" ">
      <marc:subfield code="a">DE-38M</marc:subfield>
      <marc:subfield code="b">ger</marc:subfield>
      <marc:subfield code="c">DE-38M</marc:subfield>
      <marc:subfield code="d">DE-38M</marc:subfield>
      <marc:subfield code="e">rda</marc:subfield>
    </marc:datafield>
    <marc:datafield tag="041" ind1=" " ind2=" ">
      <marc:subfield code="a">ger</marc:subfield>
    </marc:datafield>
    <marc:datafield tag="044" ind1=" " ind2=" ">
      <marc:subfield code="c">XA-DE</marc:subfield>
    </marc:datafield>
    <marc:datafield tag="049" ind1=" " ind2=" ">
      <marc:subfield code="a">DE-98</marc:subfield>
    </marc:datafield>
    <marc:datafield tag="049" ind1=" " ind2=" ">
      <marc:subfield code="a">DE-38M</marc:subfield>
    </marc:datafield>
    <marc:datafield tag="082" ind1="0" ind2=" ">
      <marc:subfield code="a">610</marc:subfield>
    </marc:datafield>
    <marc:datafield tag="082" ind1="0" ind2=" ">
      <marc:subfield code="a">361</marc:subfield>
    </marc:datafield>
    <marc:datafield tag="100" ind1="1" ind2=" ">
      <marc:subfield code="a">Breuer, Christoph</marc:subfield>
      <marc:subfield code="d">1971-</marc:subfield>
      <marc:subfield code="0">(DE-588)124294812</marc:subfield>
      <marc:subfield code="4">aut</marc:subfield>
      <marc:subfield code="e">Verfasser</marc:subfield>
    </marc:datafield>
    <marc:datafield tag="245" ind1="1" ind2="0">
      <marc:subfield code="a">Sportvereine in Hamburg: Ergebnisse aus der 9. Welle des Sportentwicklungsberichts</marc:subfield>
      <marc:subfield code="b">Sportentwicklungsbericht für Deutschland 2023-2025</marc:subfield>
      <marc:subfield code="c">Christoph Breuer, Svenja Feiler, Thomas Breuer ; Deutsche Sporthochschule Köln - Institut für Sportökonomie und Sportmanagement, Bundesinstitut für Sportwissenschaft, Deutscher Olympischer Sportbund</marc:subfield>
    </marc:datafield>
    <marc:datafield tag="264" ind1=" " ind2="1">
      <marc:subfield code="a">Köln</marc:subfield>
      <marc:subfield code="b">Deutsche Sporthochschule Köln - Institut für Sportökonomie und Sportmanagement</marc:subfield>
      <marc:subfield code="c">2026</marc:subfield>
    </marc:datafield>
    <marc:datafield tag="300" ind1=" " ind2=" ">
      <marc:subfield code="a">1 Online-Ressource (v, 64 Seiten)</marc:subfield>
      <marc:subfield code="b">Diagramme</marc:subfield>
    </marc:datafield>
    <marc:datafield tag="336" ind1=" " ind2=" ">
      <marc:subfield code="a">Text</marc:subfield>
      <marc:subfield code="b">txt</marc:subfield>
      <marc:subfield code="2">rdacontent</marc:subfield>
    </marc:datafield>
    <marc:datafield tag="337" ind1=" " ind2=" ">
      <marc:subfield code="a">Computer</marc:subfield>
      <marc:subfield code="b">c</marc:subfield>
      <marc:subfield code="2">rdamedia</marc:subfield>
    </marc:datafield>
    <marc:datafield tag="338" ind1=" " ind2=" ">
      <marc:subfield code="a">Online-Ressource</marc:subfield>
      <marc:subfield code="b">cr</marc:subfield>
      <marc:subfield code="2">rdacarrier</marc:subfield>
    </marc:datafield>
    <marc:datafield tag="506" ind1="0" ind2=" ">
      <marc:subfield code="a">Open Access</marc:subfield>
      <marc:subfield code="f">Unrestricted online access</marc:subfield>
      <marc:subfield code="2">star</marc:subfield>
    </marc:datafield>
    <marc:datafield tag="520" ind1="3" ind2=" ">
      <marc:subfield code="a">Mit der vorliegenden neunten Welle des Sportentwicklungsberichts für Deutschland (SEB) liegt die dritte Erhebung im Rahmen des „SEB 3.0” vor. Der „SEB 3.0” umfasst die Durchführung der siebten bis neunten Welle der Sportentwicklungsberichte. Wie in den ersten sechs Erhebungswellen liegt der methodische Kerngedanke in der Weiterentwicklung eines Sportvereinspanels. Seit der siebten Welle des Sportentwicklungsberichts für Deutschland wird die Organisationsbefragung der Sportvereine in Deutschland ergänzt um Befragungen verschiedener Personengruppen in den Vereinen. Auf diese Weise wird ein Mehrebenen-Paneldesign erzeugt und es gelingt vertieftes Argumentations- und Handlungswissen zu den Sportvereinen auf Bundes- und Länderebene zu gewinnen. In der vorliegenden neunten Welle wurden in diesem Zusammenhang neben den Vereinen auch TrainerInnen und ÜbungsleiterInnen sowie Vorstandsmitglieder befragt. Der vorliegende Bericht beinhaltet sowohl Auswertungen der Organisationsbefragung, d.h. der Sportvereine in Hamburg (Kapitel 2), als auch eine Auswahl an Auswertungen der Personenbefragungen (Kapitel 3). Die Methode wird ausführlich in Kapitel 4 erläutert.</marc:subfield>
    </marc:datafield>
    <marc:datafield tag="700" ind1="1" ind2=" ">
      <marc:subfield code="a">Feiler, Svenja</marc:subfield>
      <marc:subfield code="d">1982-</marc:subfield>
      <marc:subfield code="0">(DE-588)1018245065</marc:subfield>
      <marc:subfield code="4">aut</marc:subfield>
      <marc:subfield code="e">Verfasser</marc:subfield>
    </marc:datafield>
    <marc:datafield tag="700" ind1="1" ind2=" ">
      <marc:subfield code="a">Breuer, Thomas</marc:subfield>
      <marc:subfield code="4">aut</marc:subfield>
      <marc:subfield code="e">Verfasser</marc:subfield>
    </marc:datafield>
    <marc:datafield tag="710" ind1="2" ind2=" ">
      <marc:subfield code="a">Deutsche Sporthochschule Köln</marc:subfield>
      <marc:subfield code="b">Institut für Sportökonomie und Sportmanagement</marc:subfield>
      <marc:subfield code="0">(DE-588)16033211-4</marc:subfield>
      <marc:subfield code="4">isb</marc:subfield>
      <marc:subfield code="e">Herausgebendes Organ</marc:subfield>
    </marc:datafield>
    <marc:datafield tag="710" ind1="2" ind2=" ">
      <marc:subfield code="a">Bundesinstitut für Sportwissenschaft</marc:subfield>
      <marc:subfield code="0">(DE-588)10041398-5</marc:subfield>
      <marc:subfield code="4">spn</marc:subfield>
      <marc:subfield code="e">Sponsor</marc:subfield>
    </marc:datafield>
    <marc:datafield tag="710" ind1="2" ind2=" ">
      <marc:subfield code="a">Deutscher Olympischer Sportbund</marc:subfield>
      <marc:subfield code="0">(DE-588)10138103-7</marc:subfield>
      <marc:subfield code="4">spn</marc:subfield>
      <marc:subfield code="e">Sponsor</marc:subfield>
    </marc:datafield>
    <marc:datafield tag="856" ind1="4" ind2="0">
      <marc:subfield code="u">https://repository.publisso.de/resource/frl:6511025</marc:subfield>
      <marc:subfield code="3">Volltext</marc:subfield>
      <marc:subfield code="z">kostenfrei</marc:subfield>
    </marc:datafield>
    <marc:datafield tag="924" ind1="1" ind2=" ">
      <marc:subfield code="a">99376540728406441</marc:subfield>
      <marc:subfield code="b">DE-98</marc:subfield>
      <marc:subfield code="c">NRW</marc:subfield>
      <marc:subfield code="d">d</marc:subfield>
    </marc:datafield>
    <marc:datafield tag="924" ind1="1" ind2=" ">
      <marc:subfield code="a">99376540728406441</marc:subfield>
      <marc:subfield code="b">DE-38M</marc:subfield>
      <marc:subfield code="c">NRW</marc:subfield>
      <marc:subfield code="d">d</marc:subfield>
    </marc:datafield>
    <marc:datafield tag="960" ind1="1" ind2=" ">
      <marc:subfield code="i">iall</marc:subfield>
      <marc:subfield code="i">OA</marc:subfield>
    </marc:datafield>
    <marc:datafield tag="960" ind1="1" ind2=" ">
      <marc:subfield code="r">38 M: ellinet; GND: (DE-588)16033211-4</marc:subfield>
    </marc:datafield>
  </marc:record>
</marc:collection>
